000 00943cpcaa2200265 a 4500
001 mm2002084896
003 DLC
005 20260227111729.0
008 020522|||||||||||| eng
010 _amm2002084896
040 _aDLC
_cDLC
_dDLC
_edacs
041 0 _aeng
_ager
072 7 _aS
_2lcmd
100 1 _aEinstein, Albert,
_d1879-1955.
245 0 0 _aAlbert Einstein papers,
_f1944-1969.
300 _a11
_fitems.
506 1 _aRestrictions apply.
520 8 _aALsS (1944-1946) by Einstein. Also includes correspondence by various individuals concerning Einstein's letters.
545 0 _aPhysicist.
546 _aCollection material in English and German.
580 _aForms part of: Sigmund Freud collection.
656 7 _aPhysicists.
_2itoamc
999 _c44628
_d44628